00599nam a2200169 a 4500008004100000020001500041050002000056100001900076245004700095246009500142260004500237300002300282350000900305500003000314650001500344650007000359120416s1973 ||||||||||||||||| || u a0521202442 aJS 3711.K45 Dea aDearlove, John14aThe politics of policy in local government athe making and maintenance of public policy in the Royal Borough of Kensington and Chelsea aLondonbCambridge University Pressc1973 a[iv], 287p. : ill. a0.00 aBibliography: p. 237-265. aGOVERNMENT aKensington and Chelsea (London, England)--Politics and government